| 000 | 00829cam4a220024100 4500 | ||
|---|---|---|---|
| 001 | tmp15682064 | ||
| 003 | UPRA | ||
| 005 | 20190823102654.0 | ||
| 008 | 951003s1970 wiu eng u | ||
| 035 | _a(Sirsi) r56765 | ||
| 035 | _a(UPRA)tmp15682064 | ||
| 040 | _cUPRA | ||
| 110 | 2 |
_aAldrich Chemical Co. _6A15610.1 |
|
| 245 | 1 | 4 |
_aThe Aldrich library of infrared spectra / _cby Charles J. Pouchert. |
| 246 | 3 | _aAldrich library of infrared spectra | |
| 260 |
_a[Milwaukee] : _bAldrich Chemical, _c1970. |
||
| 504 | _aBibliography: p. 1203. | ||
| 650 | 0 |
_aInfrared spectroscopy -- Tables. _xInfrared spectroscopy -- Tables. _6S11217.1 |
|
| 700 | 1 |
_aPouchert, Charles J. _6A15611.1 |
|
| 949 |
_aQC457 _wlcc _i33729001803357 _mMAIN _p2500 _tBOOK _lON-SHELF |
||
| 949 |
_aQC457 _wlcc _i-73902 _mMAIN _tBOOK _lON-SHELF |
||
| 004 | 56765 | ||
| 999 |
_c148177 _d148177 |
||